MOŽNOSTI PVO PRI OBRANE SLOVENSKEJ REPUBLIKY

Bibliographic Details
Main Author: Sopóci, Milan, 1951- (Author)
Format: Article
Language:Slovak

MARC

LEADER 00000nab a2200000 a 4500
001 vtls011132308
003 SK-MaSNL
005 20260303151029.0
008 230222|1994 xo |||||||||||||||||slo|
015 |a SNBRB 
035 |a (uuid)fac00828-87a5-44e6-80aa-c98d00357d5b 
035 |a (urnnbn)urn:nbn:sk:snk:ar-a09miy 
035 |a urn:nbn:sk:snk-abaa6a 
040 |a SNKBUCL  |b slo  |c SNKBUCL  |e AACR2 
041 0 |a slo 
044 |a xo  |c SK 
100 1 |a Sopóci, Milan,  |d 1951-  |4 aut  |9 56471 
245 1 0 |a MOŽNOSTI PVO PRI OBRANE SLOVENSKEJ REPUBLIKY  |c Milan Sopóci 
773 0 |t Zborník Vojenskej akadémie Slovenského národného povstania  |g Roč. 1, č. 3 (1994), s. 18-31 
954 |a odborná, vedecká literatúra pôvodná (slovenská)  |2 lita 
958 |a OND 
958 |a EUIPO 
958 |a article13 
999 |c 2015352  |d 2017282